Inovatívnosť malých a stredných podnikov bakalárska práca

Na minha lista:
Detalhes bibliográficos
Autor principal: Dzurinková, Katarína
Autor Corporativo: Podnikovohospodárska fakulta EU so sídlom v Košiciach. Katedra manažmentu
Outros Autores: Szaryszová, Petra, 1984-
Formato: Livro
Idioma:eslovaco
Publicado em: Košice 2021
Tags: Adicionar Tag
Sem tags, seja o primeiro a adicionar uma tag!

MARC

LEADER 00000nbm a2200000 4500
001 0274981
005 20220404095938.8
041 0 |a slo 
044 |a SK 
245 1 0 |a Inovatívnosť malých a stredných podnikov  |b bakalárska práca  |c Katarína Dzurinková ; školiteľ: Petra Szaryszová 
264 1 |a Košice  |c 2021 
300 |a 61 s. 
100 1 |a Dzurinková, Katarína 
700 1 |a Szaryszová, Petra, 1984- 
710 2 |a Podnikovohospodárska fakulta EU so sídlom v Košiciach. Katedra manažmentu